[Event "9. Lichtenberger Sommer 2010"]
[Site "Berlin"]
[Date "2010.08.15"]
[Round "9.96"]
[White "Jiranek, Benno"]
[Black "Opitz, Stefanie"]
[Result "1-0"]
[WhiteElo "1399"]
[BlackElo "1156"]
[PlyCount "43"]
[EventDate "2010.??.??"]
[WhiteTeam "SC Kreuzberg e.V."]
[BlackTeam "TSG Oberschöneweide e.V."]

1. d4 d5 2. c4 Nf6 3. cxd5 Nxd5 4. e4 Nb6 5. Nf3 Bg4 6. Be2 e6 7. O-O Nc6 8.
Be3 Qf6 9. Bg5 Qg6 10. d5 exd5 11. exd5 Ne7 12. Bxe7 Bxe7 13. Re1 O-O 14. Ne5
Bxe2 15. Nxg6 Bxd1 16. Nxe7+ Kh8 17. Rxd1 Rfe8 18. Nf5 Nc4 19. Nc3 g6 20. Ne3
a6 21. Nxc4 b5 22. Na5 1-0

[Event "9. Lichtenberger Sommer 2010"]
[Site "Berlin"]
[Date "2010.08.15"]
[Round "9.97"]
[White "Wierzbicki, Jirawat"]
[Black "Lippianowski, Stefan"]
[Result "0-1"]
[WhiteElo "1419"]
[BlackElo "1301"]
[PlyCount "108"]
[EventDate "2010.??.??"]
[WhiteTeam "SG Grün-Weiß Baumschulenweg e.V."]
[BlackTeam "Treptower SV 1949 e.V."]

1. e4 e5 2. Nf3 Nc6 3. d4 d5 4. Nc3 Nf6 5. exd5 Nxd4 6. Nxd4 exd4 7. Qxd4 Qe7+
8. Qe3 Ng4 9. Qxe7+ Bxe7 10. Be2 Ne5 11. Nb5 Bd6 12. Nxd6+ cxd6 13. O-O O-O 14.
Bf4 f6 15. Rae1 Bf5 16. Bxe5 fxe5 17. c3 Rf6 18. Bc4 Rg6 19. Re3 Rf8 20. Bd3 h5
21. Bxf5 Rxf5 22. Rg3 Rh6 23. Rh3 g5 24. g4 Rf4 25. f3 h4 26. Re1 Rhf6 27. Re3
Rf8 28. Kg2 Rc8 29. Re4 Rc5 30. Rxf4 exf4 31. Kf1 Rxd5 32. Ke2 Re5+ 33. Kd1 Kf7
34. Kd2 Rd5+ 35. Ke2 Ke6 36. c4 Re5+ 37. Kd2 b6 38. b4 Re3 39. Kc2 Re2+ 40. Kb3
Re3+ 41. Kc2 Ke5 42. Kb2 Kd4 43. a3 Kxc4 44. Ka2 d5 45. Kb2 d4 46. Kc2 d3+ 47.
Kd2 Re2+ 48. Kd1 Kd4 49. a4 Ke3 50. a5 d2 51. axb6 axb6 52. b5 Re1+ 53. Kc2
d1=Q+ 54. Kc3 Qd3+ 0-1